书目信息 |
| 题名: |
中、高级制图员 (土建类) 技能测试考试指导AutoCAD
|
|
| 作者: | 贾艳东 , 冯双生 , 胡建生 编著 | |
| 分册: | ||
| 出版信息: | 北京 化学工业出版社 2007.06 |
|
| 页数: | 161页 | |
| 开本: | 26cm | |
| 丛书名: | 制图员国家职业资格考试丛书 | |
| 单 册: | ||
| 中图分类: | TU204 | |
| 科图分类: | ||
| 主题词: | 建筑制图--jian zhu zhi tu--计算机制图--应用软件--AutoCAD--资格考核--自学参考资料 | |
| 电子资源: | ||
| ISBN: | 978-7-122-00366-9 | |
| 000 | 01212nam 2200277 450 | |
| 001 | 012007286912 | |
| 005 | 20070930111125.39 | |
| 010 | @a978-7-122-00366-9@dCNY22.00 | |
| 100 | @a20070804d2007 km y0chiy0120 ea | |
| 101 | 0 | @achi |
| 102 | @aCN@b110000 | |
| 105 | @aa a 000yy | |
| 200 | 1 | @a中、高级制图员 (土建类) 技能测试考试指导AutoCAD@Azhong、gao ji zhi tu yuan(tu jian lei)ji neng ce shi kao shi zhi dao AutoCAD@f贾艳东, 冯双生, 胡建生编著@Fjia yan dong,feng shuang sheng,hu jian sheng bian zhu |
| 210 | @a北京@c化学工业出版社@d2007.06 | |
| 215 | @a161页@c图@d26cm | |
| 225 | 2 | @a制图员国家职业资格考试丛书@Azhi tu yuan guo jia zhi ye zi ge kao shi cong shu |
| 320 | @a有书目。 | |
| 330 | @a本书按照国家职业资格认证对计算机绘图技能的要求而编写。本书详细讲解了中、高级制图员各两套模拟试题的绘制方法,并附考试样卷。本书练习题大多选自历次考试试卷。 | |
| 410 | 0 | @12001 @a制图员国家职业资格考试丛书 |
| 606 | 0 | @a建筑制图@Ajian zhu zhi tu@x计算机制图@x应用软件@xAutoCAD@x资格考核@j自学参考资料 |
| 690 | @aTU204@v4 | |
| 701 | 0 | @a贾艳东@Ajia yan dong@4编著 |
| 701 | 0 | @a冯双生@Afeng shuang sheng@4编著 |
| 701 | 0 | @a胡建生@Ahu jian sheng@4编著 |
| 801 | 0 | @aCN@c20070930 |
| 905 | @dTU204@eJ252 | |
| 中、高级制图员 (土建类) 技能测试考试指导AutoCAD/贾艳东, 冯双生, 胡建生编著.-北京:化学工业出版社,2007.06 |
| 161页:图;26cm.-(制图员国家职业资格考试丛书) |
| ISBN 978-7-122-00366-9:CNY22.00 |
| 本书按照国家职业资格认证对计算机绘图技能的要求而编写。本书详细讲解了中、高级制图员各两套模拟试题的绘制方法,并附考试样卷。本书练习题大多选自历次考试试卷。 |
| ● |
| 相关链接 |
|
|
|
正题名:中、高级制图员 (土建类) 技能测试考试指导
索取号:TU204/J252
 
预约/预借
| 序号 | 登录号 | 条形码 | 馆藏地/架位号 | 状态 | 备注 |
| 1 | 255638 | 202556386 | 建筑库101/101建筑库 108排3列6层/ [索取号:TU204/J252] | 在馆 | |
| 2 | 255639 | 202556395 | 建筑库101/101建筑库 108排3列6层/ [索取号:TU204/J252] | 在馆 | |
| 3 | 255640 | 202556402 | 建筑库101/101建筑库 108排3列6层/ [索取号:TU204/J252] | 在馆 |